000 00321nam a22001457a 4500
008 221202b ||||| |||| 00| 0 eng d
020 _a9781416023845
041 _aeng
080 _a61
082 _a61
100 _a4
101 _aMJEK
245 _aEVIDWNCE BASED MANUAL MEDICINE
_cSEFFINGER A.M
942 _2udc
_cBK
999 _c59069
_d59069